Compelling conversations. Questions and quotations on timeless topics
Sparad:
| Huvudupphovsman: | |
|---|---|
| Övriga upphovsmän: | |
| Materialtyp: | Bok |
| Språk: | engelska |
| Publicerad: |
Los Angeles, CA., USA
Chimayo Press
2008
|
| Upplaga: | 2nd.ed. |
| Ämnen: | |
| Taggar: |
Lägg till en tagg
Inga taggar, Lägg till första taggen!
|
MARC
| LEADER | 00000cam a2200000 a 4500 | ||
|---|---|---|---|
| 001 | UCC9812 | ||
| 003 | CL-VaPUC | ||
| 005 | 20210506143824.0 | ||
| 008 | 191111e20080000us eng d | ||
| 999 | |c 376181 |d 376179 | ||
| 020 | |a 9780982617809 | ||
| 040 | |c Pontificia Universidad Católica de Valparaíso | ||
| 082 | 0 | 4 | |a 428.34 ROT 2008 |2 21 |
| 100 | 1 | |a Roth, Eric Hermann |e autor |e compilador |e editor |9 605137 | |
| 245 | 1 | 0 | |a Compelling conversations. |b Questions and quotations on timeless topics |
| 250 | |a 2nd.ed. | ||
| 260 | |a Los Angeles, CA., USA |b Chimayo Press |c 2008 | ||
| 300 | |a 152 páginas | ||
| 583 | |a last modification |c 20191111 01:17:00 |k Rodrigo Vera | ||
| 650 | 0 | 0 | |a Enseñanza del inglés |9 367340 |x Conversaciones |
| 700 | 1 | |a Aberson, Toni |e autor |e compilador |e editor |9 605138 | |
| 852 | |a BIBCUR | ||
| 942 | |c BK |2 ddc | ||
| 945 | |a dcastane |d 20191111 01:17:00 | ||
| 952 | |0 0 |1 0 |3 erb |4 0 |6 428_340000000000000_ROT_2008 |7 0 |8 A |9 495415 |a BIBEDU |b BIBEDU |d 2019-10-17 |e 1 |g 25305.00 |i 5565022 |o 428.34 ROT 2008 |p 5565022 |r 2020-01-06 |v 25305.00 |w 2020-01-06 |y BK |z Catalogado en:20191111 |k LIT | ||